Дума про кума (Запис № 460883)

МАРК-запис
000 -Лідер
fixed length control field 01557 a2200241 4500
003 - Ідентифікатор контрольного номера
control field UA-OsUOA
005 - Дата та час останнього входження (трансакції)
control field 20200904141355.0
008 - Елементи даних фіксованої довжини – загальна інформація
fixed length control field 200807b un ||||| |||| 00| 0 ukr d
020 ## - Міжнародний стандартний книжковий номер (ISBN)
Міжнародний стандартний книжковий номер (ISBN) (НП) 9786176521785
040 ## - Джерело каталогізації
Агенція оригінальної каталогізації UA-OsUOA
Мова каталогізації ukr
Агенція, яка здійснювала перезапис UA-OsUOA
Агенція, яка здійснювала модифікацію UA-OsUOA
041 ## - Код мови
Код мови тексту/ звукової доріжки чи окремого заголовка (П) ukr
080 ## - Індекс Універсальної десяткової класифікації
Індекс Універсальної десяткової класифікації (УДК) (НП) 821.161.2
090 ## - Локальний шифр розміщення
Класифікаційний індекс УДК 821.161.2
Авторський знак (НП) М 48
100 ## - Основне введення – ім’я особи
Ім’я особи (НП) Мельничук Б.
245 ## - Відомості про назву
Назва (НП) Дума про кума
Решта назви (НП) епіграми, пародії, дружні шаржі, дедикації, гратуляції, віншування, послання та інші жартування
Дані про відповідальність (НП) Богдан Мельничук
260 ## - Публікація, розповсюдження і т.п. (Вихідні дані)
Ім’я/ наймення видавництва, розповсюджувача і т.п. (П) Місто
Дата публікації, розповсюдження і т.п. (П) 2017
Місце публікації, розповсюдження і т.п. (П) Чернівці
300 ## - Фізичний опис
Обсяг 104 с.
Супроводжувальний матеріал іл.
520 ## - Резюме і т.п.
Резюме, реферат, анотація, тощо (НП) У новій сатирично-гумористичній книзі Богдан Мельничук, відомий український літературознавець і поет, з шанобою та доброзичливою усмішкою пише про діячів нашої культурної ниви, гостро й дотепно викриває болячки сучасного літературного й позалітературного життя. <br/>Видання розраховане на широкого читача.
650 ## - Додаткове предметне введення – тематичний термін
Джерело заголовка чи терміна UDC
Тематичний термін чи географічна назва, як елемент введення (НП) 821 Художня література окремими мовами і мовними сім'ями
942 ## - Додаткові елементи входу (Коха)
Тип елемента Koha Книги
Source of classification or shelving scheme Universal Decimal Classification
955 ## - Код типу видання за змістом
Код типу видання за змістом (НП) Літературно-художні видання
Фонди
Стан вилучень Стан втрат Джерело класифікації або схеми стелажів Стан уражень Не для кредиту Код колекції Постійне місце розташування Поточне розміщення Дата придбання Джерело придбання Вартість, звичайна ціна покупки Повний номер виклику Штрих-код Дата останнього перегляду Вартість, ціна заміни Ціна ефективна від Тип елемента Koha Примітка, призначена для загального доступу
    Universal Decimal Classification     Колекція Жулинського М.Г. ЧЗ - Читальна зала ЧЗ - Читальна зала 07/08/2020 №13/24.06.20 15.00 821.161.2 М 48 162647 06/02/2022 15.00 07/08/2020 Книги з автографом Б. Мельничука